Gaming Quiz

Random Gaming or Pokémon Quiz

Gen 1 Pokémontage Quiz Stats

Quiz Updated Apr 2, 2015

Challenge
Share
Tweet
Score 0/151 Timer 12:00
0 Plays Today
% Correct
Bulbasaur
94.5%
Charmander
93.6%
Pikachu
92.7%
Squirtle
92.1%
Charizard
92%
Ivysaur
89.1%
Blastoise
88.8%
Charmeleon
88.2%
Butterfree
87.6%
Pidgey
87.3%
Rattata
87%
Raichu
87%
Caterpie
86.9%
Beedrill
86.7%
Ekans
86.5%
Weedle
86.4%
Jigglypuff
86.4%
Pidgeot
86%
Metapod
86%
Abra
85.8%
Wartortle
85.7%
Zubat
85.7%
Psyduck
85.5%
Meowth
85.2%
Arbok
84.8%
Kakuna
84.5%
Nidoking
84.5%
Vulpix
84.5%
Nidoran♀
84.4%
Nidoran♂
84.4%
Nidoqueen
84.2%
Oddish
83.8%
Pidgeotto
83.7%
Kadabra
83.3%
Spearow
83.2%
Sandshrew
83.2%
Venusaur
83.2%
Clefairy
83.1%
Alakazam
82.6%
Diglett
82.5%
Geodude
82.5%
Mankey
82.4%
Raticate
82.3%
Nidorina
81.9%
Dugtrio
81.8%
Sandslash
81.8%
Fearow
81.7%
Golbat
81.7%
Machop
81.2%
Machamp
81.2%
Nidorino
81.2%
% Correct
Slowpoke
81.1%
Paras
80.8%
Golduck
80.7%
Onix
80.6%
Gloom
80.5%
Ponyta
80.1%
Mew
79.8%
Persian
79.7%
Muk
79.6%
Wigglytuff
79.4%
Clefable
79.3%
Machoke
78.8%
Poliwhirl
78.3%
Gastly
78.2%
Seel
78%
Tentacool
78%
Haunter
77.8%
Slowbro
77.8%
Poliwag
77.7%
Tentacruel
77.6%
Ninetales
77.2%
Rapidash
77.1%
Golem
77.1%
Mewtwo
76.9%
Bellsprout
76.7%
Voltorb
76.7%
Eevee
76.6%
Gengar
76.5%
Arcanine
76.4%
Venonat
76.4%
Parasect
76.4%
Growlithe
76%
Krabby
75.9%
Venomoth
75.9%
Cubone
75.7%
Hitmonlee
75.7%
Ditto
75.1%
Hypno
75%
Poliwrath
74.8%
Graveler
74.8%
Doduo
74.6%
Snorlax
74.6%
Grimer
74.6%
Mr. Mime
74.5%
Magikarp
74.4%
Staryu
74.3%
Hitmonchan
74%
Koffing
73.9%
Primeape
73.7%
Vileplume
73.7%
Magnemite
73.2%
% Correct
Goldeen
72.3%
Starmie
72.3%
Jynx
71.8%
Drowzee
71.7%
Weezing
71.6%
Cloyster
71.2%
Lapras
71.1%
Magneton
71.1%
Electrode
70.9%
Flareon
70.9%
Kingler
70.9%
Horsea
70.9%
Vaporeon
70.6%
Dragonite
70.5%
Jolteon
70.1%
Weepinbell
69.6%
Farfetch'd
69.4%
Zapdos
69.2%
Dewgong
69.2%
Magmar
69.2%
Scyther
69.1%
Chansey
69.1%
Tangela
68.7%
Seaking
68.6%
Articuno
68.4%
Dratini
68.4%
Shellder
68.2%
Lickitung
68.2%
Rhydon
67.9%
Marowak
67.7%
Dodrio
67.6%
Tauros
67.5%
Rhyhorn
66.8%
Moltres
66.8%
Dragonair
66.6%
Porygon
66.2%
Seadra
66%
Victreebel
65.5%
Electabuzz
65.4%
Kabuto
65.3%
Pinsir
65.1%
Gyarados
63.7%
Kabutops
62.8%
Aerodactyl
60.3%
Kangaskhan
59.7%
Exeggcute
58.1%
Omanyte
57.2%
Exeggutor
57%
Omastar
56.8%

You're not logged in!

Compare scores with friends on all Sporcle quizzes.
Join for Free
OR
Log In

You Might Also Like...

Show Comments

Extras

Top Quizzes Today


Score Distribution

Your Account Isn't Verified!

In order to create a playlist on Sporcle, you need to verify the email address you used during registration. Go to your Sporcle Settings to finish the process.

Report this User

Report this user for behavior that violates our Community Guidelines.

Details: